Előadások a filozófia történetéről
Elmentve itt :
| Szerző: | |
|---|---|
| További közreműködők: | |
| Adatforrás: | Philobibl |
| Dokumentumtípus: | Könyv |
| Nyelv: | magyar |
| Kulcsszavak: | filozófiatörténet filozófia, német |
| Megjelent: |
Budapest
Akadémiai K.
1977
|
| Kiadás: | 2. kiad. |
| Sorozat: | Filozófiai írók tára
|
| LEADER | 00804nam a2200205 ca4500 | ||
|---|---|---|---|
| 001 | bibPHI0033512 | ||
| 005 | 20200924123211.8 | ||
| 008 | 081218s1977 hu hun | ||
| 100 | 1 | |a Hegel, Georg Wilhelm Friedrich | |
| 245 | 1 | 0 | |a Előadások a filozófia történetéről |c Hegel ; ford. Szemere Samu |
| 250 | |a 2. kiad. | ||
| 260 | |a Budapest |b Akadémiai K. |c 1977 | ||
| 490 | 1 | |a Filozófiai írók tára : új folyam |v 16., 17., 18. | |
| 695 | |a filozófiatörténet | ||
| 695 | |a filozófia, német | ||
| 700 | 1 | |a Szemere Samu | |
| 774 | 0 | |t Előadások a filozófia történetéről. 1. köt. |w bibPHI0033512aa | |
| 774 | 0 | |t Előadások a filozófia történetéről. 2. köt. |w bibPHI0033512ab | |
| 774 | 0 | |t Előadások a filozófia történetéről. 3. köt. |w bibPHI0033512ac | |
| 830 | 0 | |a Filozófiai írók tára | |